| 000 | 01345nam a22002535i 4500 | ||
|---|---|---|---|
| 001 | 159070 | ||
| 003 | ES-MaACL | ||
| 005 | 20260304142415.0 | ||
| 008 | 040908m19001902fr |||| | fre d | ||
| 100 | 1 |
_aMarx, Karl, _d1818-1883 _978590 |
|
| 245 | 1 | 3 |
_aLe capital : _bcritique de l'économie politique / _cpar Karl Marx ; avec une préface de Friedrich Engels. |
| 260 |
_aParis : _bV. Giard & E. Brière, _c1900-1902. |
||
| 300 |
_a3 v. ; _c22 cm. |
||
| 490 | 1 |
_aBibliothèque socialiste internationale / publié sous la direction de Alfred Bonnet ; _v3-5 |
|
| 505 | 8 | _aContiene: I. Livre II: Le procès de circulation du capital / traduit a l'Institut des Sciences Sociales de Bruxelles par Julian Borchardt et Hippolyte Vanderrydt (XXII, 591 p.) - II-III: Livre III: Le procès d'ensemble de la production capitaliste / traduit a l'Institut des Sciences (2 v.; XXIV, 521; 596 [i.e. 496] p.) | |
| 650 | 7 |
_aEconomía _2embne _912006 |
|
| 650 | 4 |
_aCapital. _910758 |
|
| 700 | 1 |
_aEngels, Friedrich. _947225 |
|
| 700 | 1 |
_aBorchardt, Julian. _9126080 |
|
| 700 | 1 |
_aVanderrydt, Hippolyte. _9133546 |
|
| 830 | 1 |
_aBibliothèque socialiste internationale / publiée sous la direction de Alfred Bonnet _v3-5 _9221691 |
|
| 852 |
_aES-MaACL _jB-1833-35 _z- Enc. pasta española _z- Enc. con cada v. catálogo de ed. |
||
| 999 |
_c159070 _d159070 |
||